Ekonomické důsledky míru

Na minha lista:
Detalhes bibliográficos
Autor principal: Keynes, John Maynard
Outros Autores: Pšeja, Pavel
Formato: Livro
Idioma:tcheco
Publicado em: Brno Centrum pro studium demokracie a kultury 2004
Assuntos:
Tags: Adicionar Tag
Sem tags, seja o primeiro a adicionar uma tag!

MARC

LEADER 00000nam$a2200000$$$4500
001 0027252
005 20240306141340.8
020 |a 80-7325-043-8 
041 0 |a cze 
044 |a CZ 
245 1 0 |a Ekonomické důsledky míru  |c John Maynard Keynes ; přeložil Pavel Pšeja 
264 1 |a Brno  |b Centrum pro studium demokracie a kultury  |c 2004 
300 |a 199 s. 
610 2 0 |a vojny 
610 2 0 |a spolužitie mierové 
610 2 0 |a Európa 
610 2 0 |a spoločnosť 
610 2 0 |a zmluvy medzinárodné 
610 2 0 |a história 
610 2 0 |a vzťahy medzinárodné 
610 2 0 |a situácia hospodárska 
100 1 |a Keynes, John Maynard 
700 1 |a Pšeja, Pavel